| 000 | 01296nam a2200337Ia 4500 | ||
|---|---|---|---|
| 001 | ebr10194123 | ||
| 003 | CaPaEBR | ||
| 006 | m u | ||
| 007 | cr cn||||||||| | ||
| 008 | 070216s2007 nyu sb 001 0 eng d | ||
| 010 | _z 2007060511 | ||
| 020 | _z1403982023 | ||
| 020 | _z9781403982025 | ||
| 040 |
_aCaPaEBR _cCaPaEBR |
||
| 035 | _a(OCoLC)560443875 | ||
| 050 | 1 | 4 |
_aHD2769.2.U6 _bH45 2007eb |
| 082 | 0 | 4 |
_a338.7/4 _222 |
| 100 | 1 | _aHessenius, Barry. | |
| 245 | 1 | 0 |
_aHardball lobbying for nonprofits _h[electronic resource] : _breal advocacy for nonprofits in the new century / _cBarry Hessenius. |
| 246 | 3 | _aHard ball lobbying for nonprofits | |
| 250 | _a1st ed. | ||
| 260 |
_aNew York : _bPalgrave Macmillan, _c2007. |
||
| 300 | _ax, 209 p. | ||
| 504 | _aIncludes bibliographical references and index. | ||
| 533 |
_aElectronic reproduction. _bPalo Alto, Calif. : _cebrary, _d2009. _nAvailable via World Wide Web. _nAccess may be limited to ebrary affiliated libraries. |
||
| 650 | 0 |
_aNonprofit organizations _zUnited States. |
|
| 650 | 0 |
_aLobbying _zUnited States. |
|
| 655 | 7 |
_aElectronic books. _2local |
|
| 710 | 2 | _aebrary, Inc. | |
| 856 | 4 | 0 |
_uhttp://site.ebrary.com/lib/rucke/Doc?id=10194123 _zAn electronic book accessible through the World Wide Web; click to view |
| 999 |
_c221282 _d221282 |
||